Sports Quiz

Random Sports or NHL Quiz

Big 4 Champs by President Quiz Stats

Quiz Updated Nov 2, 2017

Challenge
Share
Tweet
Embed
Score 0/69 Timer 11:00
3 Plays Today
President Team(s) % Correct
Barack ObamaYankees, Giants, Cardinals, Red Sox, Royals, Cubs
92.2%
Donald TrumpPatriots
92.2%
Donald TrumpWarriors
92.1%
Barack ObamaLakers, Mavericks, Heat, Spurs, Warriors, Cavaliers
91.6%
Barack ObamaSteelers, Saints, Packers, Giants, Ravens, Seahawks, Patriots, Broncos
91.4%
Donald TrumpAstros
90.9%
George W. BushLakers, Spurs, Pistons, Heat, Celtics
89.7%
George W. BushRavens, Patriots, Buccaneers, Steelers, Colts, Giants
89.1%
Barack ObamaPenguins, Blackhawks, Bruins, Kings
88.6%
George W. BushDiamondbacks, Angels, Marlins, Red Sox, White Sox, Cardinals, Phillies
88.4%
Bill ClintonBulls, Rockets, Spurs, Lakers
87.9%
Bill ClintonBlue Jays, Braves, Yankees, Marlins
87.3%
Bill ClintonCowboys, 49ers, Packers, Broncos, Rams
86%
George H. W. BushPistons, Bulls
83.3%
Ronald ReaganCeltics, Lakers, 76ers
82.1%
George W. BushAvalanche, Red Wings, Devils, Lightning, Hurricanes, Ducks
82.1%
Bill ClintonCanadiens, Rangers, Devils, Avalanche, Red Wings, Stars
81.8%
Donald TrumpPenguins
81.6%
George H. W. BushAthletics, Reds, Twins, Blue Jays
81.2%
George H. W. Bush49ers, Giants, Redskins
81%
Ronald ReaganRaiders, 49ers, Redskins, Bears, Giants
80.3%
Jimmy CarterTrail Blazers, Bullets, SuperSonics, Lakers
79.7%
Ronald ReaganDodgers, Cardinals, Orioles, Tigers, Royals, Mets, Twins
79.5%
Jimmy CarterYankees, Pirates, Phillies
79.2%
Jimmy CarterCowboys, Steelers
76.9%
Richard NixonCeltics, Knicks, Bucks, Lakers
76.4%
Gerald FordWarriors, Celtics
75.9%
Ronald ReaganIslanders, Oilers, Canadiens
75.1%
Lyndon B. JohnsonCeltics, 76ers
74.9%
John F. KennedyYankees, Dodgers
74.7%
John F. KennedyCeltics
74%
Dwight D. EisenhowerYankees, Giants, Dodgers, Braves, Pirates
73.6%
George H. W. BushFlames, Oilers, Penguins
73.5%
Gerald FordSteelers, Raiders
73.5%
Dwight D. EisenhowerLakers, Nationals, Warriors, Celtics, Hawks
73%
President Team(s) % Correct
Lyndon B. JohnsonBears, Browns, Packers, Jets
72.6%
Gerald FordAthletics, Reds
72.4%
Harry S. TrumanTigers, Cardinals, Yankees, Indians
72.4%
Richard NixonChiefs, Colts, Cowboys, Dolphins
72.3%
Jimmy CarterCanadiens, Islanders
72.2%
Franklin D. RooseveltGiants, Cardinals, Tigers, Yankees, Reds
72%
Lyndon B. JohnsonCardinals, Dodgers, Orioles, Tigers
72%
Richard NixonMets, Orioles, Pirates, Athletics
72%
Herbert HooverAthletics, Cardinals, Yankees
70.9%
Calvin CoolidgeYankees, Senators, Pirates, Cardinals
70.5%
Richard NixonCanadiens, Bruins, Flyers
70%
Gerald FordFlyers, Canadiens
69.6%
John F. KennedyPackers
69.3%
Harry S. TrumanWarriors, Bullets, Lakers, Royals
69.3%
Lyndon B. JohnsonMaple Leafs, Canadiens
69%
Dwight D. EisenhowerLions, Browns, Giants, Colts, Eagles
67.8%
Theodore RooseveltAmericans, Giants, White Sox, Cubs
67.3%
Franklin D. RooseveltBears, Giants, Lions, Packers, Redskins
67.3%
Dwight D. EisenhowerCanadiens, Red Wings
66.7%
Franklin D. RooseveltRangers, Black Hawks, Maroons, Red Wings, Bruins, Maple Leafs, Canadiens
66.5%
Harry S. TrumanRams, Bears, Cardinals, Eagles, Browns, Lions
66.2%
Harry S. TrumanMaple Leafs, Canadiens, Red Wings
66%
Woodrow WilsonAthletics, Braves, Red Sox, White Sox, Reds, Indians
66%
John F. KennedyBlack Hawks, Maple Leafs
65.7%
Herbert HooverBruins, Canadiens, Maple Leafs
64.9%
Herbert HooverPackers, Bears
64.6%
Calvin CoolidgeCanadiens, Cougars, Maroons, Senators, Rangers
63.3%
William Howard TaftPirates, Athletics, Red Sox
63.3%
Calvin CoolidgeBulldogs, Cardinals, Yellow Jackets, Giants, Steam Roller
55.7%
Woodrow WilsonMillionaires, Canadiens, Metropolitans, Arenas, Senators
55.7%
Warren G. HardingSenators, St. Patricks
52.9%
Warren G. HardingGiants
52.4%
Warren G. HardingStaleys, Bulldogs
47%
Woodrow WilsonPros
6.7%

You're not logged in!

Compare scores with friends on all Sporcle quizzes.
Sign Up with Email
OR
Log In

You Might Also Like...

Show Comments

Extras

Top Quizzes Today


Score Distribution

Your Account Isn't Verified!

In order to create a playlist on Sporcle, you need to verify the email address you used during registration. Go to your Sporcle Settings to finish the process.